000 00378pab a2200145 454500
008 180718b1986 xxu||||| |||| 00| 0 eng d
100 _aSrivastava, Manju
245 _aEconomic philosophy of Gandhiji
260 _c1986
300 _a375-9
362 _aMay
650 _aGandhi, Mohandas Karamchand - Criticism and interpretation
773 _aKhadi Gramodyog
909 _a9068
999 _c9068
_d9068